| 000 | 00447nam a2200157 i 4500 | ||
|---|---|---|---|
| 001 | 38658 | ||
| 003 | ES-MaACL | ||
| 005 | 20230906155809.0 | ||
| 007 | t| | ||
| 008 | 030226s1920 xxk ||||1| eng d | ||
| 100 | 1 |
_aBury, John Bagnell. _932798 |
|
| 245 | 1 | 4 |
_aThe idea of progress _b: an inquiry into its origin and growth / _cby J.B. Bury. |
| 260 |
_aLondon : _bMacmillan, _c1920. |
||
| 300 |
_aXV, 377 p. ; _c23 cm. |
||
| 852 |
_aES-MaACL _jF-1431 |
||
| 999 |
_c38658 _d38658 |
||